| 000 | 00772nam a2200229 a 4500 | ||
|---|---|---|---|
| 001 | 50818 | ||
| 003 | BD-RjUL | ||
| 005 | 20211209075553.0 | ||
| 008 | 160828s1920 enkacf 000 0 eng | ||
| 035 | _a(BD-RjUL)50938 | ||
| 040 |
_aDLC _cOTU _dOCoLC _dDLC _dBD-RjUL _beng |
||
| 041 | _aeng | ||
| 082 |
_223 _a530.4 _bSTC 1920 |
||
| 100 | 1 |
_aStrutt, John William _d1842-1919. _9152121 |
|
| 245 | 1 | 0 |
_aScientific papers / _cby John William Strutt, Baron Rayleigh ... |
| 260 |
_aCambridge : _bUniversity Press, _c1920. |
||
| 300 |
_aVol. : _bill. ; _c28 cm. |
||
| 500 | _aIncludes Index | ||
| 505 | 0 | _aVol. 1. 1869-1881.--v. 2. 1881-1887.--v. 3. 1887-1892.--v. 4. 1892-1901.--v. 5 1902-1910.--v. 6. 1911-1919. | |
| 650 | 0 |
_aPhysics. _9152122 |
|
| 942 |
_2ddc _cBK |
||
| 999 |
_c50818 _d50818 |
||